01159nam a2200313Ia 450000500170000000800410001702000180005804100080007608200180008424501200010225000180022230000250024049000370026550000470030250000450034950400270039465000430042165000600046465000410052470000390056570000420060494200120064626400490065833600270070733700330073433800280076704000350079599900150083020220317001802.0170328s2015 c g 000 0 s  a9789583802348 aspa14a330.9861bH3700aHistoria económica de Colombiaccompilador José Antonio Ocampo Gaviria ; Germán Colmenares... [y otros nueve] a4a. edición a401 páginasc23 cm aSección de obras de economía aIncluye datos biográficos de los autores aIncluye índice de cuadros y gráficos aIncluye bibliografía142LEMBaDesarrollo económicozColombia142LEMBaEconomíaxEnsayos, conferencias, etc.zColombia142LEMBaEconomíaxHistoriazColombia1 aColmenares, Germánd1938-9907701 aOcampo Gaviria, José Antonio990771 2ddccBK aBogotábFondo de Cultura Económicac2015 atextobtxt2rdacontent asin mediaciónbn2rdamedia avolumenbnc2rdacarrier aCO-BoRNBPbspaerdacCO-BoRNBP c8086d8086